Najmniejsze kraje w Azji - Statystyki

Ogólne statystyki
  • Ten quiz został rozwiązany 128 razy
  • Średni wynik to 7 z 10
Statystyki odpowiedzi
Hint Odpowiedź % Poprawnych
11 610 km² Katar
86%
778 km² Bahrajn
82%
709 km² Singapur
82%
5 270 km² Brunei
78%
14 870 km² Timor Wschodni
77%
21 640 km² Izrael
76%
300 km² Malediwy
75%
10 230 km² Liban
68%
9 240 km² Cypr
65%
28 470 km² Armenia
55%
Nie znaleziono quizów pasujących do podanych kryteriów
Rozkład punktacji
Procent ludzi z każdym wynikiem
Percentyl według liczby udzielonych odpowiedzi
Twoja historia wyników
Nie rozwiązałeś tego quizu